Statistics for Russian People Around the World

Click here to take the quiz!

General Stats

  • This quiz has been taken 84 times
  • The average score is 7 of 9

Answer Stats

RankCountryPopulation of Russians% of total population% Correct
1Russia111,016,89681
97%
2Ukraine8,334,14117.3
96%
5USA3,072,7561
92%
9Belarus785,0848.27
88%
3Kazakhstan3,793,76420.61
85%
4Germany3,500,0004.23
79%
6Uzbekistan1,199,0152.3
69%
8Brazil800,0000.38
47%
7Israel894,80010.08
33%

Score Distribution

Percentile by Number Answered

Percent of People with Each Score

Your Score History

You have not taken this quiz